| 000 | 01112nam a2200337Ia 4500 | ||
|---|---|---|---|
| 001 | Z_6602 | ||
| 003 | CHAP | ||
| 008 | 220113s9999 xx 000 0 und d | ||
| 010 | _a169873 | ||
| 020 | _a978-958-9076-65-1 | ||
| 040 | _cCHAP | ||
| 082 | _a636.089907 T69 | ||
| 245 |
_aToxicología básica veterinaria / _ceditor Juan Gonzalo Restrepo Salazar |
||
| 260 |
_aColombia : _bCorporación para Investigaciones Biológicas, _c |
||
| 300 | _axxv, 325 p. | ||
| 440 |
_aColección Aspectos Claves / Lina María González Duque y Juan Carlos Gómez Hoyos _9145328 |
||
| 503 | _aej.1: consumo | ||
| 504 | _aBibliografía: p. 293 - 297, incluye índices | ||
| 650 |
_aEnvenenamiento _xVeterinaria _9145329 |
||
| 650 |
_aMedicina veterinaria _9137478 |
||
| 650 |
_aToxicología veterinaria _9114457 |
||
| 700 |
_a Gómez Hoyos, Juan Carlos, ed. col. _9145330 |
||
| 700 |
_a González Duque Lina María, ed. col. _9145331 |
||
| 700 |
_aRestrepo Salazar, Juan Gonzalo, ed. _9145332 |
||
| 901 | _a636.089907 T69 | ||
| 902 | _aM | ||
| 910 | _a | ||
| 942 | _c1 | ||
| 942 | _cc1 | ||
| 999 |
_c169873 _d169873 |
||